| 000 | 00552nam a2200169 a 4500 | ||
|---|---|---|---|
| 005 | 20210223120438.0 | ||
| 008 | 991125s1960 mx 000 0 spa u | ||
| 035 | _aUPN01000001390 | ||
| 049 | _aSEP | ||
| 050 | 4 |
_aMT85 _bA42 |
|
| 245 | 0 | 4 |
_aLas alazanas : _bbailable / _creprod. Emilio Lomelí. |
| 260 |
_aMéxico : _bSEP, Dirección General de Alfabetización y Educación Extraescolar, _c1960. |
||
| 300 | _a1 partitura (2 p.) | ||
| 650 | 4 |
_aMUSICA PARA BAILES FOLKLORICOS _927462 |
|
| 650 | 4 |
_aPARTITURAS - _xLECTURA Y EJECUCION _912845 |
|
| 905 | _aLibro | ||
| 999 |
_c1390 _d1390 |
||